000 00584nam a2200205Ia 4500
005 20250508164643.0
008 008 250505s9999 xx 000 0 eng d
020 _a81-85938-99-7
037 _aTextual
040 _aFEDL
_beng
_cFEDL
041 _aeng
_2eng
084 _a305, ASI
_qFEDL
245 0 _aPeople of India: Pondicherry. Vol 36
245 0 _cANTHROPOLOGICAL SURVEY OF INDIA
260 _aMadars, India
_bAffiliated East-West Press Pvt Ltd
_c1994
300 _axx,513p.
365 _aINR
_b375
942 _cTEXL
_h305, ASI
999 _c1390375
_d1390375